| 000 | 01441nam a2200337 i 4500 | ||
|---|---|---|---|
| 003 | EG-GICUC | ||
| 005 | 20260211214440.0 | ||
| 008 | 260211s2022 Ly ||||fr|||| 00| 0 ara d | ||
| 017 | _a2022/132 | ||
| 020 | _a987-9959-9631-2 | ||
| 040 |
_a EG-GICUC _bara _c EG-GICUC _d EG-GICUC _erda |
||
| 041 | 0 | _aara | |
| 082 | 0 | 4 |
_221 _a343.37 _bر ي . م |
| 092 | 0 | 4 | _221 |
| 099 | _aLaw1 10 343.37 ر ي . م 1 ed - 2022 | ||
| 100 | 0 |
_aريما مصباح الفيتوري الفرجاني _eمؤلف. |
|
| 245 | 1 | 0 |
_aمبدأ التكامل بين المحكمة الجنائية الدولية والمحاكم الوطنية / _cتأليف الدكتورة ريما مصباح الفيتوري الفنجان. |
| 250 | _aالطبعة الأولى | ||
| 264 | 1 |
_aبني وليد : _bالمتكاً للدراسات الإستراتيجية والمستقبلية، _c2022. |
|
| 300 |
_a277 صفحة؛ _b _c24 سم. |
||
| 336 |
_2rda content _atext |
||
| 337 |
_2rda media _aComputer |
||
| 338 |
_2rda carrier _aOnline Resource |
||
| 504 | _aيشتمل على إرجاعات ببليوجرافية. | ||
| 546 | _aالنص أغلبه باللغة العربية بعض النصوص الإنجليزية والفرنسية | ||
| 650 | 1 | 4 | _aالمحاكمة الجنائية |
| 650 | 1 | 4 | _aالقانون الجنائي |
| 856 | 4 | 0 | _uhttps://fll.law.cu.edu.eg/fulltext/bks/B10-08568.pdf |
| 905 | _a32 | ||
| 942 |
_2ddc _cBK _e21 _n0 |
||
| 999 |
_c62715 _d62715 |
||